Corporate social responsibility společenská odpovědnost podniků jako zdroj konkurenční výhody?

Vymedzenie pojmu corporate social responsibility (CSR). Stratégia CSR. Príčiny rastu záujmu o tému spoločenskej zodpovednosti podniku. Meranie spoločenskej zodpovednosti. Štandardy zverejňovania informácií o spoločenskej zodpovednosti. Stav CSR v Českej republike. CSR ako zdroj konkurenčnej výhody...

Descrizione completa

Salvato in:
Dettagli Bibliografici
Autore principale: Zadražilová, Dana
Natura: Capitolo di libro
Lingua:ceco
Soggetti:
Tags: Aggiungi Tag
Nessun Tag, puoi essere il primo ad aggiungerne!!

MARC

LEADER 00000naa$a2200000$$$4500
001 0081710
005 20231116104610.0
041 0 |a cze 
044 |a CZ 
245 1 0 |a Corporate social responsibility  |b společenská odpovědnost podniků jako zdroj konkurenční výhody?  |c Dana Zadražilová 
520 |a Vymedzenie pojmu corporate social responsibility (CSR). Stratégia CSR. Príčiny rastu záujmu o tému spoločenskej zodpovednosti podniku. Meranie spoločenskej zodpovednosti. Štandardy zverejňovania informácií o spoločenskej zodpovednosti. Stav CSR v Českej republike. CSR ako zdroj konkurenčnej výhody. 
610 2 0 |a Česko 
610 2 0 |a výhody konkurenčné 
610 2 0 |a pojmy 
610 2 0 |a zodpovednosť spoločenská 
100 1 |a Zadražilová, Dana